| 000 | 00820nmc a2200265 a 4500 | ||
|---|---|---|---|
| 003 | AR-BaBNM | ||
| 005 | 20251128205813.0 | ||
| 008 | 011101s1996 ||||||||||||||000 | spa|| | ||
| 020 | _a950-808-084-1 | ||
| 040 | _cAR-BaBNM | ||
| 100 | 1 | _aBoggino, Norberto | |
| 245 | 1 | 0 |
_aCiencias naturales y CBC _bpsicogénesis de nociones, propuestas didácticas globalizadoras, educación inicial y EGB |
| 260 |
_aBuenos Aires _bHomo Sapiens Ediciones _c1996 |
||
| 300 | 0 |
_a104 p. _bil. |
|
| 490 | 0 | _aEducación | |
| 504 | _aBibliografía: p. 103-104 | ||
| 651 | 4 | _aArgentina | |
| 653 | 0 | _aCONSTRUCTIVISMO | |
| 653 | 0 | _aNIVEL INICIAL | |
| 653 | 0 | _aEDUCACION GENERAL BASICA | |
| 653 | 0 | _aENSENANZA DE LAS CIENCIAS NATURALES | |
| 653 | 0 | _aCONTENIDOS BASICOS COMUNES | |
| 653 | 0 | _aLEY FEDERAL DE EDUCACION | |
| 942 | _cBK | ||
| 999 |
_c12870 _d12870 |
||